| 000 | 00355nam a2200133Ia 4500 | ||
|---|---|---|---|
| 008 | 240624s9999 xx 000 0 und d | ||
| 041 | _aeng | ||
| 082 | _a332.7 TUL | ||
| 100 | _aTULLU SEAN | ||
| 245 | _aRESTORING CONFIDENCE IN THE FINANCIAL SY | ||
| 260 |
_c2010 _aGreat Britain _bHarriman House Ltd |
||
| 300 | _axix, 167 p.; 23 cm. | ||
| 365 |
_cBPS _b38 |
||
| 999 |
_c29297 _d29297 |
||